| 000 | 01103cam a2200289 a 4500 | ||
|---|---|---|---|
| 999 |
_c18178 _d18178 |
||
| 001 | 14463117 | ||
| 003 | OSt | ||
| 005 | 20200304105401.0 | ||
| 008 | 060721s2007 nyu 000 0aeng | ||
| 010 | _a 2006050148 | ||
| 020 | _a074327282X | ||
| 020 | _a9780743272827 | ||
| 035 | _a(OCoLC)ocm70778387 | ||
| 040 |
_aMMU _cMMU _beng |
||
| 050 | 0 | 0 |
_aRC553.A88 _b.N59 2007 |
| 100 | 1 | _aNewport, Jerry. | |
| 245 | 1 | 0 |
_aMozart and the whale : _ban Asperger's love story / _cJerry & Mary Newport, with Johnny Dodd. |
| 260 |
_aNew York : _bTouchstone, _cc2007. |
||
| 300 |
_a265 p. ; _c23 cm. |
||
| 650 | 0 | _aAsperger's syndrome | |
| 700 | 1 | _aNewport, Mary. | |
| 856 | 4 | 2 |
_3Publisher description _uhttp://www.loc.gov/catdir/enhancements/fy0705/2006050148-d.html |
| 856 | 4 | 2 |
_3Contributor biographical information _uhttp://www.loc.gov/catdir/enhancements/fy0902/2006050148-b.html |
| 906 |
_a7 _bcbc _corignew _d1 _eocip _f20 _gy-gencatlg |
||
| 942 |
_2lcc _cLOAN LOAN |
||